Szabó Zoltán Magyar Nemzete

Elmentve itt :
Bibliográfiai részletek
Szerző: Kenedi János
Dokumentumtípus: Cikk
Megjelent: 1984
Sorozat:Beszélő : politikai és kulturális folyóirat 11
Kulcsszavak:Szabó Zoltán, Irodalomtudomány, Társadalomtudomány
Online Access:http://misc.bibl.u-szeged.hu/2242
LEADER 00630nab a2200181 i 4500
001 misc2242
005 20191106141439.0
008 170607s1984 hu o 0|| hun d
022 |a 0865-4093 
040 |a SZTE Miscellanea Repozitórium  |b hun 
041 |a hun 
100 1 |a Kenedi János 
245 1 0 |a Szabó Zoltán Magyar Nemzete  |h [elektronikus dokumentum] /  |c  Kenedi János 
260 |c 1984 
300 |a 79-81 
490 0 |a Beszélő : politikai és kulturális folyóirat  |v 11 
695 |a Szabó Zoltán, Irodalomtudomány, Társadalomtudomány 
856 4 0 |u http://misc.bibl.u-szeged.hu/2242/1/beszelo_011_079-081.pdf  |z Dokumentum-elérés